LAUTECH

Physics and technology for the liberal arts / (Record no. 41578)

MARC details
000 -LEADER
fixed length control field 00528nam a22001817a 4500
008 - FIXED-LENGTH DATA ELEMENTS--GENERAL INFORMATION
fixed length control field 260630b ||||| |||| 00| 0 eng d
020 ## - INTERNATIONAL STANDARD BOOK NUMBER
ISBN 0787201960
100 ## - MAIN ENTRY--AUTHOR
Author Dixon, Robert M.
245 ## - TITLE STATEMENT
Title Physics and technology for the liberal arts /
Statement of responsibility, etc Robert M. Dixon.
260 ## - PUBLICATION, DISTRIBUTION, ETC. (IMPRINT)
Place of publication Iowa :
Name of publisher Kendall/Hunt Publishing Company,
Date of publication 1994
300 ## - PHYSICAL DESCRIPTION
Pagination xvii,184p.:
Other physical details Illu.
500 ## - GENERAL NOTE
General note Includes index.
650 ## - SUBJECT ADDED ENTRY--TOPICAL TERM
Topical term Physics.
650 ## - SUBJECT ADDED ENTRY--TOPICAL TERM
Topical term Technology.
650 ## - SUBJECT ADDED ENTRY--TOPICAL TERM
Topical term Education, Humanistic.
942 ## - ADDED ENTRY ELEMENTS (KOHA)
Item type Books
Holdings
Source of classification or shelving scheme Not for loan Collection code Home library Current library Shelving location Date acquired Mode of acquisition Full call number Accen. No. Copy number Koha item type
Library of Congress Classification   Non-fiction OLUSEGUN OKE LIBRARY LAUTECH OLUSEGUN OKE LIBRARY LAUTECH Olusegun Oke Library East Reading Room 30/06/2026 Gift QC 23.D58 1994 00047935 1 Books